LIBRARY & INFORMATION CENTRE, KCAET, TAVANUR

ONLINE PUBLIC ACCESS CATALOGUE (OPAC)

Complete course of trigonometry / (Record no. 2998)

MARC details
000 -LEADER
fixed length control field 00434cam a2200181ua 4500
041 ## - LANGUAGE CODE
Language code of text/sound track or separate title ben
082 ## - DEWEY DECIMAL CLASSIFICATION NUMBER
Classification number 516.24
Item number THO/MO
100 ## - MAIN ENTRY--AUTHOR NAME
Personal name Thomas, Mootheden .
245 ## - TITLE STATEMENT
Title Complete course of trigonometry /
250 ## - EDITION STATEMENT
Edition statement 1 /
260 ## - PUBLICATION, DISTRIBUTION, ETC. (IMPRINT)
Place of publication :
Name of publisher C.J.Devassy ,
Year of publication 1961.
300 ## - PHYSICAL DESCRIPTION
Number of Pages 392 ; .
942 ## - ADDED ENTRY ELEMENTS (KOHA)
Koha item type Books
Holdings
Withdrawn status Lost status Damaged status Home library Current library Date acquired Full call number Accession Number Koha item type
Withdrawn     KAUAET Sanskrit University 07/04/2012 516.24 2511 Books
free website counter